Yellow & green /

Bibliographic Details
Corporate Author: Baroness (Musical group)
Format: CD Audio
Language:English
Published: [Upper Darby, Pa.] : Relapse Records, [2012]
Edition:[Deluxe 2CD ed.].
Subjects:

MARC

Tag First Indicator Second Indicator Subfields
LEADER 00000cjm a2200000Ia 4500
001 in00002864458
005 20151203084333.0
007 sd fungnnmmneu
008 120606p20122011paurcnn d n eng d
028 0 2 |a RR7193  |b Relapse Records 
035 |a (OCoLC)ocn799881292 
035 |a (OCoLC)799881292 
040 |a JBL  |c JBL  |d TXA  |d UtOrBLW 
049 |a TXAM 
082 0 4 |a 782.42166  |2 23 
090 |a M1630.18.B2756  |b Y45 2012 
110 2 |a Baroness (Musical group) 
245 1 0 |a Yellow & green /  |c Baroness. 
246 3 |a Yellow and green 
246 3 |a Yellow green 
250 |a [Deluxe 2CD ed.]. 
264 1 |a [Upper Darby, Pa.] :  |b Relapse Records,  |c [2012] 
264 4 |c ℗2012 
300 |a 2 sound discs :  |b digital ;  |c 4 3/4 in. 
336 |a performed music  |b prm  |2 rdacontent 
337 |a audio  |b s  |2 rdamedia 
338 |a audio disc  |b sd  |2 rdacarrier 
500 |a Title from container spine. 
511 0 |a Baroness (John Dyer Baizley, vocals, guitar, bass guitar, keyboards ; Allen Blickle, drums, percussion, keyboards ; Pete Adams, guitar, vocals). 
508 |a Produced by Baroness and John Congleton. 
518 |a Recorded Nov.-Dec. 2011 at Water Music, Hoboken, NJ, and Elmwood Studio, Dallas, TX. 
500 |a Compact disc. 
500 |a Lyrics and liner notes included in booklet (1 v. : ill. ; 12 cm.) bound in container. 
505 0 0 |g Disc 1.  |t Yellow.  |t Yellow theme --  |t Take my bones away --  |t March to the sea --  |t Little things --  |t Twinkler --  |t Cocainium --  |t Back where I belong --  |t Sea lungs --  |t Eula. 
505 8 0 |g Disc 2.  |t Green.  |t Green theme --  |t Board up the house --  |t Mtns. (the crown & anchor) --  |t Foolsong --  |t Collapse --  |t Psalms alive --  |t Stretchmarker --  |t The line between --  |t If I forget thee, lowcountry. 
500 |a On container spine: RR7193. 
500 |a Sound recording. 
650 0 |a Alternative metal (Music) 
650 0 |a Heavy metal (Music) 
650 0 |a Rock music  |y 2011-2020. 
740 0 2 |a Yellow. 
740 0 2 |a Green. 
948 |a cataloged  |b h  |c 2013/3/12  |d c  |e jolivare  |f 2:24:58 pm 
994 |a C0  |b TXA 
999 |a MARS 
999 f f |s c0b5ceff-a1a8-3fb8-a531-bcd8abd1c1d5  |i 6e21ea17-84f5-3f14-89bc-a2775fff1007  |t 0 
952 f f |p ric  |a Texas A&M University  |b Rellis Campus  |c Joint Library Facility  |d Remote Storage  |t 0  |e M1630.18.B2756 Y45 2012  |h Library of Congress classification  |i audio -- audio disc  |m A14841691346 
998 f f |a M1630.18.B2756 Y45 2012  |t 0  |l Remote Storage